Chirakumar sabha : (Record no. 85138)

MARC details
000 -LEADER
fixed length control field 00631nam a22001937a 4500
005 - DATE AND TIME OF LATEST TRANSACTION
control field 20140808150935.0
010 ## - LCCN (DPL NO)
LC control number ENG-110253
020 ## - INTERNATIONAL STANDARD BOOK NUMBER
International Standard Book Number 9780198099444
Terms of availability 450.00
020 ## - INTERNATIONAL STANDARD BOOK NUMBER
International Standard Book Number 0198099444
Terms of availability 450.00
035 ## - SYSTEM CONTROL NUMBER
System control number EN-93785
037 ## - SOURCE OF ACQUISITION
Source of stock number/acquisition DBAD/PUB
082 ## - DEWEY DECIMAL CLASSIFICATION NUMBER
Classification number 882
100 ## - MAIN ENTRY--PERSONAL NAME
Personal name Tagore, Rabindranath
245 ## - TITLE STATEMENT
Title Chirakumar sabha :
Remainder of title the bachelors" club a comedy in five acts /
Statement of responsibility, etc translated by Sukhendu Ray
260 ## - PUBLICATION, DISTRIBUTION, ETC. (IMPRINT)
Place of publication, distribution, etc New Delhi
Name of publisher, distributor, etc Oxford University Press
Date of publication, distribution, etc 2014
270 ## - ADDRESS
Address YMCA Library Building, 1 Jai Singh Road
City New Delhi
Postal code 110001
300 ## - PHYSICAL DESCRIPTION
Extent xxxii,217p.
Dimensions 22cm(pbk)
942 ## - ADDED ENTRY ELEMENTS (KOHA)
Source of classification or shelving scheme Dewey Decimal Classification
Item type English Books
Call number suffix TAG
Classification part 882
Holdings
Withdrawn status Lost status Not for loan Collection code Home library Current library Date acquired Source of acquisition Cost, normal purchase price Full call number Barcode Copy number Cost, replacement price Koha item type
    Not For Loan Non-fiction D.B.Act.Division D.B.Act.Division 13/06/2014 ENG-110253 450.00 882 TAG EN-93785 1 450.00 English Books

© Delhi Public Library
Hit Counter
free hit counter